Statistics for Countries most affected by Chernobyl

Click here to take the quiz!

General Stats

  • This quiz has been taken 143 times
  • The average score is 5 of 10

Answer Stats

AmountAnswer% Correct
6.2%Ukraine
99%
14.4%Belarus
95%
2.7%Sweden
64%
3.4%Finland
60%
1.3%Norway
54%
4.3%Bulgaria
38%
10.3%Austria
29%
0.91%Greece
25%
1.5%Slovenia
24%
3.1%Switzerland
24%

Score Distribution

Percentile by Number Answered

Percent of People with Each Score

Your Score History

You have not taken this quiz